FC Barcelone - Statistiques

Statistiques générales
  • Ce quiz a été pris 109 fois
  • Le résultat moyen est 12 sur 20
Statistiques - réponses
Question Réponse % Correct
Qui était l’entraîneur lors de la conquête du sextuplé en 2009 ? Pep Guardiola
90%
De quel pays est originaire Johan Cruyff, ancienne légende du club ? Pays Bas
88%
De quel club Neymar est-il arrivé au Barça en 2013 ? Santos
88%
Comment se nomme le centre de formation du FC Barcelone ? La Masia
87%
Dans quelle ville se trouve le siège social du FC Barcelone ? Barcelone
84%
Quel est le surnom du FC Barcelone ? Los Cules
82%
Quel joueur brésilien a marqué un but mémorable contre le Real Madrid en 2005 ? Ronaldinho
79%
En quelle année le FC Barcelone a-t-il été fondé ? 1899
78%
Quel défenseur a joué plus de 600 matchs avec le Barça avant de prendre sa retraite en 2022 ? Gerard Piqué
76%
Quel est le nom officiel du club en catalan ? Futbol Club Barcelona
70%
Quel club est le grand rival régional du Barça ? Espanyol
61%
Qui est le joueur ayant disputé le plus de matches officiels avec le club ? Lionel Messi
59%
Quel trophée le Barça a-t-il remporté en battant Santos 4-0 en 2011 ? Coupe du Monde des Clubs
53%
Combien de Ligues des champions le club a-t-il remportées (jusqu’en 2024) ? ((9x2)-(7x3))+8
49%
Quel est le principal sponsor maillot qui a succédé à Qatar Airways ? Rakuten
49%
Qui a été président du FC Barcelone lors de la période dorée de Guardiola ? Joan Laporta
47%
Combien de places comporte le stade du FC Barcelone ? 99 354
33%
Quel joueur a inscrit le but décisif en finale de Ligue des champions 2006 ? Belletti
28%
Combien de Ballons d’Or Lionel Messi a-t-il remportés en tant que joueur du Barça ? 6
24%
Quel joueur formé au club a longtemps été capitaine après Puyol ? Inietsa
17%
Aucun quiz correspondant
Distribution des résultats
% des personnes avec chaque résultat
Percentile par nombre de réponses
Votre historique - résultats
Vous n’avez pas pris ce quiz